01563 2200277 4500001002100000005001500021035002000036007000300056008004100059020002200100082001000122084001900132100003300151245009500184250002900279300003800308650001000346650001300356700003100369520074100400264005401141336002101195337003001216338002301246990001601269INLIS00000000116517520241204040735 a0010-1224000055ta241204 g 0 ind  a978-623-359-419-6 a589.3 aSR 589.3 ABD f aAbdul Razaq Chasaniepenulis1 aFikologi :bdasar-dasar pengenalan alga /cAbdul Razaq Chasani; penyunting, Siti Nurhayati aCetakan 1, Februari 2024 a138 halaman :bilustrasi ;c23 cm 4aAlgae 4aGanggang0 aSiti Nurhayatiepenyunting aBuku ini disusun agar dapat digunakan sebagai panduan bagi peneliti dan akademisi maupun masyarakat umum yang tertarik dengan alga sebagai bahan penelitian atau kajian lainnya, termasuk sebagai agensia hayati pengembangan teknologi untukkesejahteraan manusia. Dasar-dasar pengenalan keanekaragaman berbagai bentuk hidup alga termasuk cara mengoleksi dan menangani sampel alga diberikan di bagian awal buku. Selanjutnya, karakteristik alga baik morfologi, struktur sel, reproduksi dan daur hidup, pola distribusi dan faktor lingkungan yang memengaruhi kehidupan alga, maupun kedudukan alga pada sistem klasifikasi diberikan setelahnya. Pada bagian akhir buku ini disebutkan tentang nilai penting alga baik untuk ekosistem maupun manusia. aYogyakarta :bGadjah Mada University Press,c2024 2rdacontentateks 2rdamediaatanpa perantara 2rdacarrieravolume a55358.68178